000 00657cam a22002293a 4500
001 15947
003 PGUSA
005 20140828083336.0
008 050530s2005||||xxu|||||s|||||000 | eng d
040 _aPGUSA
_beng
042 _adc
050 4 _aDA
100 1 _aRuskin, John,
_d1819-1900
245 1 4 _aThe Pleasures of England :
_bLectures given in Oxford
_h[electronic resource] /
_cJohn Ruskin
260 _bProject Gutenberg,
_c2005
506 _aPublic domain in the USA.
516 _aElectronic text
653 _aEngland -- Civilization
830 0 _aProject Gutenberg
_v15947
856 4 0 _uhttp://www.gutenberg.org/ebooks/15947
942 _cEB
999 _c245202
_d245202